000 00244nam a22001217a 4500
008 181029b xxu||||| |||| 00| 0 eng d
041 _aeng
080 _a701
100 _a44
101 _aART
245 _aGaugnin
_cAlley,R
942 _2udc
_cBK
999 _c50958
_d50958